Rivers in Massachusetts - Statistics

General Stats
  • This quiz has been taken 8 times
  • The average score is 6 of 15
Answer Stats
Hint Answer % Correct
The longest river that goes through Massachusetts Connecticut
100%
Flows between Boston and Cambridge Charles
88%
Flows through Rhode Island and into Massachusetts Blackstone
63%
Goes by Lowell Merrimack
63%
Tributary of the Merrimack River that goes through a city in NH Nashua
63%
Named after a town in southeastern Massachusetts Taunton
50%
The Old North Bridge Concord
38%
Goes through North Adams Hoosic
25%
Flows through Athol and Orange Millers
25%
A popular spot is the Zoar gap Deerfield
13%
Longest river that goes through western Massachusetts Housatonic
13%
Flows through Essex County Ipswich
13%
Just south of the river above Neponset
13%
Goes through Southbridge Quinebaug
13%
A tributary of the Connecticut that goes west Westfield
13%
No matching quizzes found
Score Distribution
Percent of People with Each Score
Percentile by Number Answered
Your Score History
You have not taken this quiz